000 00670nam a22002177a 4500
005 20170124105947.0
010 _aA-952502
020 _c00.00
_a8172245904
035 _aA-952502
037 _bCen Lib/Ret
040 _aDPL
_bEN
082 _a270.3
_bLIT
100 _aLitvak, Stuart
_912627
245 _aSufism :
_cby Stuart Litvak
_bthe sufi path to seeking wisdom /
260 _aMumbai
_bJaico Publishing House
_c1997
270 _a121,Mahatma Gandhi Road
_bMumbai
_e400023
300 _axvi,111p.
_c21cm(Hb)
650 _aSufism -- Human tradition
_991153
650 _aReligion -- Islam -- India
_991154
942 _2ddc
_cEN
_h270.3
_mLIT
999 _c124994
_d124994